Beacons and Military Communication from Antiquity to the Early Modern Period /
From fire-lit beacons to sweeping lines of sight, this book uncovers the hidden infrastructure of pre-modern warfare. It is the first archaeological study to trace how military signalling systems shaped landscapes and societies from antiquity to the early modern period. Spanning ancient Greece, Viki...
Other Authors: , ,
Format: eBook
Language: English
Published:
Leiden ; Boston :
Brill,
2026.
Series:
History of Warfare ;
157.
Late Antiquity and Medieval Studies E-Books Online, Collection 2026.
Subjects:
Online Access: Login to view Source
Tags: Add Tag
Call Number: NA105
| LEADER | 02889nam a22004938i 4500 | ||
|---|---|---|---|
| 001 | BRILL9789004749702 | ||
| 003 | nllekb | ||
| 005 | 20260324115023.0 | ||
| 006 | m d | ||
| 007 | cr un uuuua | ||
| 008 | 251127s2026 gw sb 001 0 eng d | ||
| 020 | |a 9789004749702 |q (electronic book) | ||
| 020 | |z 9789004749696 |q (print) | ||
| 024 | 7 | |a 10.1163/9789004749702 |2 DOI | |
| 040 | |a NL-LeKB |c NL-LeKB |e rda | ||
| 041 | |a eng | ||
| 050 | 4 | |a NA105 | |
| 072 | 7 | |a HB |2 bicssc | |
| 072 | 7 | |a HIS |x 000000 |2 bisacsh | |
| 082 | 0 | 4 | |a 900 |2 23 |
| 245 | 0 | 0 | |a Beacons and Military Communication from Antiquity to the Early Modern Period / |c edited by Marie Ødegaard, Stuart Brookes and Thorsten Lemm. |
| 264 | 1 | |a Leiden ; |a Boston : |b Brill, |c 2026. | |
| 264 | 4 | |c ©2026 | |
| 300 | |a 1 online resource (432 pages) : |b illustrations. | ||
| 336 | |a text |b txt |2 rdacontent | ||
| 337 | |a computer |b c |2 rdamedia | ||
| 338 | |a online resource |2 rdacarrier | ||
| 490 | 1 | |a History of Warfare ; |v 157 | |
| 490 | 1 | |a Late Antiquity and Medieval Studies E-Books Online, Collection 2026 | |
| 504 | |a Includes bibliographical references and index. | ||
| 520 | |a From fire-lit beacons to sweeping lines of sight, this book uncovers the hidden infrastructure of pre-modern warfare. It is the first archaeological study to trace how military signalling systems shaped landscapes and societies from antiquity to the early modern period. Spanning ancient Greece, Viking Age Scandinavia, and medieval North Africa, the book investigates how visual communication enabled mobilisation, defence, and control. Through case studies and new interpretations of archaeological and historical data, it reveals a world where ordinary people, not just armies, played a central role in responding to the threat of war. A major contribution to military and landscape archaeology. Contributors are Jørgen Bakke, Alexandre Ausonius Bertaud, Stuart Brookes, Tiffany Earley-Spadoni, Martin Malcolm Elbl, Andreu Galera Pedrosa, Frode Iversen†, Andrew Johnson, Christian Juel, Thorsten Lemm, Lucas R. McMahon, Mette Stauersbøl Mogensen, Marie Ødegaard, Ainhoa Pancorbo Picó, Mads Ravn, Mads Runge, Andreas Thiel, and Joey L. Williams. | ||
| 546 | |a English | ||
| 588 | |a Description based on print version record. | ||
| 650 | 0 | 0 | |a Early Modern History. |
| 650 | 0 | 0 | |a History. |
| 650 | 0 | 0 | |a Medieval History. |
| 700 | 1 | |a Brookes, Stuart, |e editor. | |
| 700 | 1 | |a Lemm, Thorsten, |e editor. | |
| 700 | 1 | |a Ødegaard, Marie, |e editor. | |
| 776 | 0 | 8 | |i Print version: |t Beacons and Military Communication from Antiquity to the Early Modern Period. |d Leiden ; Boston : Brill, 2026. |z 9789004749696 |w (OCoLC)1530598978 |
| 830 | 0 | |a History of Warfare ; |v 157. | |
| 830 | 0 | |a Late Antiquity and Medieval Studies E-Books Online, Collection 2026. | |
| 856 | 4 | |z DOI: |u http://dx.doi.org/10.1163/9789004749702 | |
| 999 | |c 61953 |d 61953 | ||
